Jyautiṣaśabdakoṣaḥ. (Record no. 86519)

MARC details
000 -LEADER
fixed length control field 00942cam a22002531 4500
001 - CONTROL NUMBER
control field sa 68015556
003 - CONTROL NUMBER IDENTIFIER
control field DLC
005 - DATE AND TIME OF LATEST TRANSACTION
control field 20260227112644.0
008 - FIXED-LENGTH DATA ELEMENTS--GENERAL INFORMATION
fixed length control field 870227s1967 ii bd 000 0 sanr
010 ## - LIBRARY OF CONGRESS CONTROL NUMBER
LC control number sa 68015556
035 ## - SYSTEM CONTROL NUMBER
System control number (OCoLC)15250849
040 ## - CATALOGING SOURCE
Original cataloging agency DLC
Transcribing agency NRU
Modifying agency NRU
-- DLC
042 ## - AUTHENTICATION CODE
Authentication code premarc
050 00 - LIBRARY OF CONGRESS CALL NUMBER
Classification number BF1714.H5
Item number S48
100 1# - MAIN ENTRY--PERSONAL NAME
Personal name Sharma, Mukund.
245 10 - TITLE STATEMENT
Title Jyautiṣaśabdakoṣaḥ.
Remainder of title Jyotishashabdadoshah.
Statement of responsibility, etc. Mukundadaivajñena vircitaḥ. Sa ca nijanirmitayāʼkārā-diśabdānukramaṇikaya Saṃskr̥taṭippanyā ca samalaṅkr̥taḥ.
260 ## - PUBLICATION, DISTRIBUTION, ETC.
Place of publication, distribution, etc. [Amolā, Uttara pradeśa]
Date of publication, distribution, etc. 1967.
300 ## - PHYSICAL DESCRIPTION
Extent 416, 15 p.
Dimensions 24 cm.
500 ## - GENERAL NOTE
General note In Sanskrit.
500 ## - GENERAL NOTE
General note "ŚriMukundadaivjñapatnī-SrimatiCitrādevīviduṣyā saṅkalitā Mukundagranthanāmādyāvali": 15 p. (at end)
504 ## - BIBLIOGRAPHY, ETC. NOTE
Bibliography, etc. note Bibliographical footnotes.
650 #0 - SUBJECT ADDED ENTRY--TOPICAL TERM
Topical term or geographic name entry element Hindu astrology
General subdivision Dictionaries
-- Sanskrit.
740 0# - ADDED ENTRY--UNCONTROLLED RELATED/ANALYTICAL TITLE
Uncontrolled related/analytical title Jyotishashabdakoshah.

No items available.

Powered by Koha